|
|
|
|
| LEADER |
00000nab#a22000007a#4500 |
| 001 |
arbauad036405 |
| 003 |
AR-BaUAD |
| 005 |
20250711112857.0 |
| 008 |
990415|||||||||###||||||b###|0###a|spa|| |
| 040 |
|
|
|a AR-BaUAD
|c AR-BaUAD
|b spa
|
| 100 |
|
|
|a De Angelis, Almerico
|
| 245 |
|
|
|a Il mondo dei Pannelli /
|c Almerico De Angelis;
|
| 300 |
0 |
|
|b fot., il.
|
| 653 |
|
|
|a ITALIA
|
| 653 |
|
|
|a SAVIOLA, MARCO
|
| 653 |
|
|
|a PRODUCCION
|
| 653 |
|
|
|a MUEBLES
|
| 653 |
|
|
|a ESCRITORIOS
|
| 653 |
|
|
|a MESAS
|
| 653 |
|
|
|a COMPUTACION
|
| 653 |
|
|
|a TECNOLOGIA
|
| 653 |
|
|
|a MATERIALES
|
| 653 |
|
|
|a MADERA
|
| 653 |
|
|
|a PANELES
|
| 653 |
|
|
|a RECICLAJE
|
| 653 |
|
|
|a HISTORIA
|
| 653 |
|
|
|a DISEÑO INDUSTRIAL
|
| 773 |
0 |
|
|t MODO
|g no. 195 [feb. 1999], p. 63-64
|
| 942 |
|
|
|c ARTI
|
| 952 |
|
|
|0 0
|1 0
|4 0
|7 0
|9 81324
|a AR-BAuAD
|b AR-BAuAD
|d 2025-07-11
|l 0
|p AAQA036405
|r 2025-07-11 11:28:57
|w 2025-07-11
|y ARTI
|
| 990 |
|
|
|a DI199
|b TD
|
| 998 |
|
|
|a AAQ
|b BIBUN76
|
| 999 |
|
|
|c 60997
|d 60997
|